Statistics for Flags of Countries in the World Cup of 1998

Click here to take the quiz!

General Stats

  • This quiz has been taken 113 times
  • The average score is 30 of 32

Answer Stats

Answer% Correct
France
99%
Argentina
97%
Brazil
97%
Denmark
97%
Germany
97%
Italy
97%
Croatia
96%
England
96%
Netherlands
96%
Belgium
95%
Chile
95%
Colombia
95%
Iran
95%
Jamaica
95%
Mexico
95%
Morocco
95%
Norway
95%
Spain
95%
Austria
94%
Japan
94%
Nigeria
94%
Saudi Arabia
94%
South Africa
94%
South Korea
94%
United States
94%
Scotland
92%
Bulgaria
91%
Paraguay
91%
Romania
91%
Tunisia
91%
Cameroon
89%
Yugoslavia
75%

Score Distribution

Percentile by Number Answered

Percent of People with Each Score

Your Score History

You have not taken this quiz